000 00642nam a22002297a 4500
003 UA-OsUOA
001 40094
007 ta
008 20060712b un ||||| |||| 00| 0 ukr d
100 _aСоколів А.
090 _a261
_bС59
942 _cBK
040 _aUA-OsUOA
_bukr
_cUA-OsUOA
_dUA-OsUOA
245 _aНайбільше добро - правда
_bзбірник статей
300 _a435 с.
955 _a1
041 _aukr
080 _a261
260 _aВінніпег
_bФундація Гуменюків
_c1980
650 7 _a26 Християнська Церква загалом
_2UDC
999 _c326235
_d326235